Premier League Teams of the 2010's - Statistics

General Stats
  • This quiz has been taken 56 times
  • The average score is 34 of 37
Answer Stats
Years in the Premier League Answer % Correct
2010- Arsenal
100%
2010-2016, 2019- Aston Villa
100%
2010- Chelsea
100%
2010-2014, 2018-2019, 2020-2021 Fulham
100%
2010-2016, 2017- Newcastle United
100%
2012- Southampton
100%
2010-2012, 2018- Wolverhampton Wanderers
100%
2014-2015, 2016- Burnley
98%
2010- Liverpool
98%
2010- Manchester City
98%
2010- Manchester United
98%
2011-2014, 2015-2016, 2019-2020 Norwich City
96%
2010-2017 Sunderland
96%
2010- Tottenham Hotspur
96%
2010-2011, 2012- West Ham United
96%
2017- Brighton & Hove Albion
94%
2010- Everton
94%
2014- Leicester City
94%
2015-2020 Watford
94%
2020- Leeds United
92%
2013- Crystal Palace
90%
2019-2021 Sheffield United
90%
2011-2013, 2014-2015 Queens Park Rangers
88%
2011-2018 Swansea City
88%
2013-2014, 2018-2019 Cardiff City
86%
2010-2018 Stoke City
86%
2010-2018, 2020-2021 West Bromwich Albion
86%
2015-2020 AFC Bournemouth
84%
2010-2012 Blackburn Rovers
82%
2013-2015, 2016-2017 Hull City
82%
2010-2012 Bolton Wanderers
80%
2017-2019 Huddersfield Town
80%
2016-2017 Middlesbrough
80%
2010-2013 Wigan Athletic
80%
2010-2011 Birmingham City
76%
2010-2011 Blackpool
73%
2012-2013 Reading
71%
No matching quizzes found
Score Distribution
Percent of People with Each Score
Percentile by Number Answered
Your Score History
You have not taken this quiz